000 00342nam a2200145Ia 4500
005 20251222144908.0
008 251222s9999||||xx |||||||||||||| ||spa||
020 _a8486193680
082 _a649.1/B12
100 _aBacus, Anne
245 0 _aTu Hijo de Uno a Tres AƱos
250 _a1ra. ed.
264 _bEdciciones Medici
942 _cLIB
999 _c22225
_d22225